Out of the black hole : (Record no. 503)

MARC details
000 -LEADER
fixed length control field 00799cam a22002657a 4500
005 - DATE AND TIME OF LATEST TRANSACTION
control field 20260322212022.0
008 - FIXED-LENGTH DATA ELEMENTS--GENERAL INFORMATION
fixed length control field data
010 ## - LIBRARY OF CONGRESS CONTROL NUMBER
LC control number 2005934797
020 ## - INTERNATIONAL STANDARD BOOK NUMBER
International Standard Book Number 0974848433
020 ## - INTERNATIONAL STANDARD BOOK NUMBER
International Standard Book Number 9780974848433
040 ## - CATALOGING SOURCE
Original cataloging agency DLC
Transcribing agency DLC
Modifying agency DLC
050 00 - LIBRARY OF CONGRESS CALL NUMBER
Classification number RC537
Item number .D662 2006
082 00 - DEWEY DECIMAL CLASSIFICATION NUMBER
Classification number 616.85/27
Edition information 22
092 ## - LOCALLY ASSIGNED DEWEY CALL NUMBER (OCLC)
Classification number 616.85 D662 2006
001 - CONTROL NUMBER
control field data
100 1# - MAIN ENTRY--PERSONAL NAME
Personal name Donovan, Charles E.
245 10 - TITLE STATEMENT
Title Out of the black hole :
Remainder of title a patient's guide to vagus nerve stimulation and depression /
Statement of responsibility, etc. Charles E. Donovan.
250 ## - EDITION STATEMENT
Edition statement 1st ed.
260 ## - PUBLICATION, DISTRIBUTION, ETC.
Place of publication, distribution, etc. [St. Louis, N.C.] :
Name of publisher, distributor, etc. Wellness Publishers,
Date of publication, distribution, etc. c2006.
300 ## - PHYSICAL DESCRIPTION
Extent xix, 215 p. :
Other physical details ill. ;
Dimensions 22 cm.
500 ## - GENERAL NOTE
General note LC copy signed by author.
Institution to which field applies DLC
504 ## - BIBLIOGRAPHY, ETC. NOTE
Bibliography, etc. note Includes bibliographical references.
650 #0 - SUBJECT ADDED ENTRY--TOPICAL TERM
Topical term or geographic name entry element Depression, Mental
General subdivision Treatment.
650 #0 - SUBJECT ADDED ENTRY--TOPICAL TERM
Topical term or geographic name entry element Vagus nerve.
Holdings
Withdrawn status Lost status Damaged status Not for loan Home library Current library Shelving location Date acquired Total checkouts Full call number Barcode Date last seen Price effective from Koha item type
        Franklin Franklin General stacks 22/03/2026   616.85/27 22 BC0010514 22/03/2026 22/03/2026 Books